000 00567nam a22001097a 4500
008 150810b xxu||||| |||| 00| 0 eng d
100 _aJaschke, Paul-Peter
245 _aGermania-Farbbuch : Farbtafeln der Germania-Ausgaben 52-97
260 _aBremen, Germany
_bP.P. Jaschke
_c1991
500 _3text in German Color tables for Germania issue #52-97
650 _aGermany | Germania Issues | 1900 - 1916-1917 | Definitive Issues 20th Century | Color | Production | Errors and Varieties | Color Guides | Paper | Watermarks | Collecting | Identification | Guides and Handbooks
999 _c1684
_d1684